000 00358nam a2200145Ia 4500
008 230711s9999||||xx |||||||||||||| ||und||
041 _aENG
082 _a624
_bBA-T
100 _aBallaney.P.L
245 0 _aThermal engineering(Heat engine)
250 _a18th
260 _c1991
_aNew Delhi
_bKhanna Publishers
650 _aMechanical Engineering
942 _cBK
999 _c835
_d835